Comuni del Veneto con la A - Statistics

Statistiche generali
  • Questo quiz è stato fatto 55 volte
  • Il punteggio medio è 15 su 34
Statistiche sulle risposte
Comune % Corretto
Asolo
79%
Abano Terme
76%
Adria
76%
Albignasego
72%
Agordo
69%
Arsiè
69%
Arzignano
66%
Asiago
66%
Arquà Petrarca
59%
Altavilla Vicentina
55%
Annone Veneto
52%
Alleghe
48%
Auronzo di Cadore
48%
Alano di Piave
45%
Altivole
45%
Alpago
41%
Arcugnano
41%
Arsiero
41%
Albettone
38%
Altissimo
38%
Arcade
38%
Affi
34%
Arcole
34%
Agna
31%
Agugliaro
31%
Arzergrande
31%
Asigliano Veneto
31%
Anguillara Veneta
28%
Arquà Polesine
28%
Angiari
24%
Ariano nel Polesine
24%
Arre
24%
Alonte
21%
Albaredo d'Adige
17%
Nessun quiz corrispondente trovato
Distribuzione punteggi
Percentuale di utenti per punteggio
Percentile per numero di risposta
I tuoi punteggi nel tempo
Non hai fatto questo quiz